|
|
|
|
| LEADER |
00000cam a2200000 a 4500 |
| 001 |
027965 |
| 003 |
UAHC_CL |
| 005 |
20170803122855.0 |
| 008 |
080603s1985 cl 000 spa |
| 040 |
|
|
|a UAHC_CL
|c UAHC_CL
|d UAHC_CL
|
| 082 |
0 |
4 |
|a Ch861
|b C311
|
| 100 |
1 |
|
|a Carrasco, Germán
|
| 245 |
1 |
3 |
|a La insidia del sol sobre las cosas /
|c Germán Carrasco Vielma.
|
| 260 |
|
|
|b Dolmen
|a Santiago
|c 1985
|
| 300 |
|
|
|a 99 p.
|
| 521 |
|
|
|a Ciudad y literatura
|
| 653 |
|
|
|a ANTROPOLOGIA
|
| 658 |
|
|
|a Santa Cruz, Guadalupe
|
| 900 |
|
|
|a Ch861 CAR
|
| 942 |
|
|
|c BK
|
| 952 |
|
|
|0 0
|1 0
|4 0
|6 CH_861_000000000000000_CAR
|7 0
|8 General
|9 55509
|a BC
|b BC
|c General
|d 2017-08-03
|l 1
|o Ch861 CAR
|p 1363645
|q 2019-12-19
|r 2019-12-02 00:00:00
|s 2019-12-17
|t 3
|w 2017-08-03
|y BK
|
| 999 |
|
|
|c 27965
|d 27965
|